000 00523nam a2200217Ia 4500
003 OSt
005 20220924133947.0
006 a|||||r|||| 00| 0
007 ta
008 220923b |||||||| |||| 00| 0 snd d
024 _a271198
037 _cTextual
040 _aARTS
_cARTS
_bsnd
041 _2snd
_asnd
082 _a/\2wM98, 1593G3
100 _aBhatiya
_9206999
245 0 _aJ Krishnamurti
260 _c1933
942 _h/\2wM98, 1593G3
_cTEXL
_2CC
999 _c435820
_d435820